| 000 | 00508nam a2200205Ia 4500 | ||
|---|---|---|---|
| 003 | OSt | ||
| 005 | 20230401124146.0 | ||
| 008 | 210423s1989 xx 000 0 und d | ||
| 020 | _a0-89278-405-9 | ||
| 040 | _cAL | ||
| 041 | _aeng | ||
| 082 |
_a574.192 _223 _bRAWB |
||
| 100 |
_aRAWN (David J) _981912 |
||
| 245 | _aBiochemistry | ||
| 260 |
_aBurlington _bNeil Patterson Publishers _c1989 |
||
| 300 |
_axxxv,1105,39 _bPB |
||
| 650 |
_aBiochemistry _981913 |
||
| 906 | _aBiochemistry | ||
| 942 |
_2ddc _cBK |
||
| 999 |
_c169029 _d169029 |
||